[Event "Titled Tuesday intern op 16th Apr Late"]
[Site "Chess.com INT"]
[Date "2024.04.16"]
[Round "7"]
[White "Bortnyk, Olexandr"]
[Black "Gabrielian, Artur"]
[Result "1-0"]
[WhiteElo "2608"]
[BlackElo "2429"]
[PlyCount "95"]
[EventDate "2024.04.16"]
[EventType "swiss (blitz)"]
[EventRounds "11"]
[EventCountry "USA"]
[SourceTitle "CB17_2024"]
[SourceDate "2024.04.24"]
[SourceVersion "1"]
[SourceVersionDate "2024.04.24"]
[SourceQuality "1"]

1. e4 c5 2. c3 Nf6 3. e5 Nd5 4. Nf3 d6 5. Bb5+ Bd7 6. Bc4 e6 7. 0-0 Nc6 8. d4 cxd4 9. cxd4 Nb6 10. Bb3 dxe5 11. dxe5 Be7 12. Nc3 Nb4 13. Qe2 N4d5 14. Ne4 0-0 15. Rd1 a6 16. a4 Rc8 17. Bd2 Qe8 18. Bg5 h6 19. Bxe7 Qxe7 20. Nd6 Rc7 21. a5 Nc8 22. Bxd5 exd5 23. Nxc8 Rfxc8 24. Nd4 Rc4 25. b3 Rc3 26. f4 Qh4 27. Qf2 Qh5 28. f5 Qg5 29. e6 Be8 30. h4 Qf6 31. Re1 Rd3 32. Rad1 Rxd1 33. Rxd1 fxe6 34. fxe6 Qxf2+ 35. Kxf2 Kf8 36. Nf5 Rc2+ 37. Kg3 g6 38. Nd4 Rc3+ 39. Kf4 Ke7 40. Ke5 Rg3 41. Rc1 Bc6 42. Nxc6+ bxc6 43. Rxc6 Re3+ 44. Kxd5 Rxb3 45. Rc7+ Ke8 46. Ra7 Rb5+ 47. Kd6 Kf8 48. Ra8+ 1-0

[Event "Titled Tuesday intern op 16th Apr Early"]
[Site "Chess.com INT"]
[Date "2024.04.16"]
[Round "6"]
[White "Gabrielian, Artur"]
[Black "Ashraf, Artin"]
[Result "1-0"]
[WhiteElo "2429"]
[BlackElo "2399"]
[PlyCount "77"]
[EventDate "2024.04.16"]
[EventType "swiss (blitz)"]
[EventRounds "11"]
[EventCountry "USA"]
[SourceTitle "CB17_2024"]
[SourceDate "2024.04.24"]
[SourceVersion "1"]
[SourceVersionDate "2024.04.24"]
[SourceQuality "1"]

1. e4 e5 2. Nf3 Nc6 3. Bc4 Bc5 4. d3 Nf6 5. Bg5 h6 6. Bh4 d6 7. c3 a5 8. Nbd2 g5 9. Bg3 Qe7 10. 0-0 0-0 11. Kh1 Kg7 12. Bb5 Ba7 13. Bxc6 bxc6 14. d4 exd4 15. e5 Nh5 16. exd6 Nxg3+ 17. fxg3 cxd6 18. Nxd4 Bxd4 19. cxd4 Be6 20. Ne4 f5 21. Nc3 Qb7 22. d5 cxd5 23. Qd4+ Rf6 24. Rae1 Qb4 25. Qf2 Qc5 26. Qd2 Raf8 27. Ne2 Bc8 28. Nd4 Qb4 29. Qd1 R8f7 30. Rf2 Qb6 31. Rfe2 Ba6 32. Re7 Qxb2 33. h4 Qc3 34. Ne6+ Kg6 35. h5+ Kh7 36. Nd8 Rxe7 37. Rxe7+ Kh8 38. Qxd5 Qxg3 39. Re8+ 1-0

[Event "Titled Tuesday intern op 16th Apr Late"]
[Site "Chess.com INT"]
[Date "2024.04.16"]
[Round "6"]
[White "Gabrielian, Artur"]
[Black "Hilkevich, Zahar"]
[Result "1-0"]
[WhiteElo "2429"]
[BlackElo "2022"]
[PlyCount "75"]
[EventDate "2024.04.16"]
[EventType "swiss (blitz)"]
[EventRounds "11"]
[EventCountry "USA"]
[SourceTitle "CB17_2024"]
[SourceDate "2024.04.24"]
[SourceVersion "1"]
[SourceVersionDate "2024.04.24"]
[SourceQuality "1"]

1. e4 e6 2. d4 d5 3. e5 c5 4. c3 Nc6 5. Nf3 Nge7 6. Na3 Bd7 7. Nc2 Qa5 8. dxc5 Qxc5 9. Bd3 Ng6 10. Qe2 Qb6 11. Ncd4 Be7 12. h4 Qc7 13. Nxc6 Bxc6 14. h5 Nf8 15. h6 g6 16. Bg5 Qd8 17. Bxe7 Qxe7 18. Nd4 Qg5 19. g3 Nd7 20. Nf3 Qe7 21. Rh4 Nc5 22. Nd4 Bd7 23. Rf4 0-0 24. Rf6 a6 25. g4 Rac8 26. g5 b5 27. a3 Na4 28. Kf1 Rc7 29. Kg2 Bc8 30. Rh1 Nc5 31. Rh3 Ne4 32. Bxe4 dxe4 33. Qe3 Rc5 34. Qf4 Qc7 35. b4 Rxe5 36. Nc6 Rxg5+ 37. Qxg5 Qxc6 38. Qc5 1-0

[Event "Titled Tuesday intern op 16th Apr Late"]
[Site "Chess.com INT"]
[Date "2024.04.16"]
[Round "8"]
[White "Gabrielian, Artur"]
[Black "Kalavannan, Koby"]
[Result "1-0"]
[WhiteElo "2429"]
[BlackElo "2295"]
[PlyCount "59"]
[EventDate "2024.04.16"]
[EventType "swiss (blitz)"]
[EventRounds "11"]
[EventCountry "USA"]
[SourceTitle "CB17_2024"]
[SourceDate "2024.04.24"]
[SourceVersion "1"]
[SourceVersionDate "2024.04.24"]
[SourceQuality "1"]

1. e4 c5 2. Nf3 Nc6 3. Bb5 Nf6 4. Nc3 Qc7 5. 0-0 Nd4 6. Re1 a6 7. Bf1 d6 8. Nxd4 cxd4 9. Nd5 Qc5 10. b4 Qc6 11. b5 Qc5 12. bxa6 Nxd5 13. exd5 Qxd5 14. c4 dxc3 15. Qc2 bxa6 16. Qxc3 Bb7 17. Rb1 Rc8 18. Qa3 e6 19. Bb2 Be7 20. Qa4+ Bc6 21. Qg4 Bf6 22. Bxf6 gxf6 23. Bxa6 h5 24. Qg7 Rh6 25. Bxc8 Rg6 26. Rxe6+ Qxe6 27. Qh8+ Ke7 28. Bxe6 Bxg2 29. Bf5 Rg5 30. h4 1-0

[Event "Titled Tuesday intern op 16th Apr Early"]
[Site "Chess.com INT"]
[Date "2024.04.16"]
[Round "3"]
[White "Terry, Renato"]
[Black "Gabrielian, Artur"]
[Result "1-0"]
[WhiteElo "2521"]
[BlackElo "2429"]
[PlyCount "63"]
[EventDate "2024.04.16"]
[EventType "swiss (blitz)"]
[EventRounds "11"]
[EventCountry "USA"]
[SourceTitle "CB17_2024"]
[SourceDate "2024.04.24"]
[SourceVersion "1"]
[SourceVersionDate "2024.04.24"]
[SourceQuality "1"]

1. d4 d5 2. Bg5 Nf6 3. e3 c5 4. c3 Qb6 5. Qb3 Nc6 6. Nd2 c4 7. Qc2 e5 8. Bxf6 gxf6 9. Ngf3 e4 10. Nh4 f5 11. g3 Be7 12. Ng2 Be6 13. b3 cxb3 14. axb3 Rc8 15. Qb2 a6 16. Be2 Bd6 17. 0-0 Rg8 18. Kh1 Rg6 19. Rfb1 Qd8 20. b4 Kf8 21. b5 axb5 22. Qxb5 Rc7 23. c4 Be7 24. Nf4 dxc4 25. Bxc4 Rh6 26. d5 Ne5 27. dxe6 Ng4 28. Qxf5 Rxh2+ 29. Kg1 Nh6 30. Qd5 Qc8 31. Kxh2 Rc5 32. Qd7 1-0

[Event "Titled Tuesday intern op 02nd Apr Early"]
[Site "Chess.com INT"]
[Date "2024.04.02"]
[Round "1"]
[White "Dmitrenko, Viktor"]
[Black "Gabrielian, Artur"]
[Result "1-0"]
[WhiteElo "2395"]
[BlackElo "2429"]
[PlyCount "117"]
[EventDate "2024.04.02"]
[EventType "swiss (blitz)"]
[EventRounds "11"]
[EventCountry "USA"]
[SourceTitle "CB15_2024"]
[SourceDate "2024.04.10"]
[SourceVersion "1"]
[SourceVersionDate "2024.04.10"]
[SourceQuality "1"]

1. e4 c5 2. Nf3 d6 3. Bb5+ Bd7 4. Bxd7+ Qxd7 5. 0-0 Nc6 6. d3 Nf6 7. Bg5 e6 8. Bxf6 gxf6 9. Nc3 Be7 10. d4 cxd4 11. Nxd4 Rg8 12. Nxc6 bxc6 13. Qh5 Rg7 14. Qh6 Kf8 15. Rad1 Kg8 16. Rd3 Rg6 17. Qh5 Rb8 18. Rh3 Rxb2 19. Qxh7+ Kf8 20. Rg3 Rxg3 21. fxg3 Ke8 22. Qh8+ Bf8 23. Qxf6 Qe7 24. Nd5 Qxf6 25. Nxf6+ Ke7 26. Ng8+ Ke8 27. Nf6+ Kd8 28. Nh7 Be7 29. Rxf7 Rxa2 30. g4 Ra5 31. g3 Ke8 32. Rg7 Rc5 33. h4 a5 34. g5 d5 35. g6 Rc3 36. Rg8+ Kd7 37. Kg2 Bd6 38. Nf6+ Ke7 39. Nh5 Rxc2+ 40. Kh3 Be5 41. exd5 cxd5 42. g7 Bxg7 43. Rxg7+ Kd6 44. Ra7 d4 45. Nf4 e5 46. Ra6+ Kd7 47. Nd3 e4 48. Rxa5 Kd6 49. Nf4 d3 50. Rd5+ Kc6 51. Rd4 d2 52. Ng2 Kc5 53. Rd8 Ra2 54. Ne3 Ra3 55. Nf1 e3 56. Nxe3 Rxe3 57. Rxd2 Kc4 58. h5 Re1 59. Kg4 1-0

[Event "Titled Tuesday intern op 02nd Apr Early"]
[Site "Chess.com INT"]
[Date "2024.04.02"]
[Round "9"]
[White "Gabrielian, Artur"]
[Black "Bjerre, Jonas Buhl"]
[Result "0-1"]
[WhiteElo "2429"]
[BlackElo "2646"]
[PlyCount "90"]
[EventDate "2024.04.02"]
[EventType "swiss (blitz)"]
[EventRounds "11"]
[EventCountry "USA"]
[SourceTitle "CB15_2024"]
[SourceDate "2024.04.10"]
[SourceVersion "1"]
[SourceVersionDate "2024.04.10"]
[SourceQuality "1"]

1. e4 e5 2. Nf3 Nc6 3. Bc4 g6 4. d4 exd4 5. c3 dxc3 6. Nxc3 Bg7 7. 0-0 d6 8. Bg5 Bf6 9. Qd2 Bg4 10. Nd5 Bxg5 11. Nxg5 Ne5 12. Bb3 h6 13. f4 hxg5 14. fxe5 Be6 15. Rac1 c6 16. exd6 Qxd6 17. Nf6+ Ke7 18. Qxd6+ Kxd6 19. Rcd1+ Ke7 20. e5 Rh4 21. Bxe6 Kxe6 22. Nd7 Rc4 23. b4 b6 24. a4 Ke7 25. b5 cxb5 26. axb5 Rd8 27. Nxb6 axb6 28. Rxd8 Kxd8 29. Rxf7 Ne7 30. Rf6 Rc5 31. Rxb6 Rxe5 32. Kf2 Kc7 33. Ra6 Rxb5 34. Kf3 Kd7 35. Kg4 Ke8 36. Rf6 Rb2 37. g3 Rxh2 38. Kxg5 Rh5+ 39. Kg4 Rf5 40. Rxf5 Nxf5 41. Kg5 Kf7 42. g4 Ne3 43. Kf4 Nc4 44. Kg5 Ne5 45. Kf4 Kf6 0-1

[Event "Titled Tuesday intern op 02nd Apr Early"]
[Site "Chess.com INT"]
[Date "2024.04.02"]
[Round "3"]
[White "Gabrielian, Artur"]
[Black "Bold, Andre"]
[Result "1-0"]
[WhiteElo "2429"]
[BlackElo "2218"]
[PlyCount "77"]
[EventDate "2024.04.02"]
[EventType "swiss (blitz)"]
[EventRounds "11"]
[EventCountry "USA"]
[SourceTitle "CB15_2024"]
[SourceDate "2024.04.10"]
[SourceVersion "1"]
[SourceVersionDate "2024.04.10"]
[SourceQuality "1"]

1. Nf3 Nf6 2. g3 Nc6 3. d4 d5 4. Nc3 Bf5 5. a3 h6 6. Bg2 e6 7. 0-0 Be7 8. Bf4 0-0 9. h3 Ne4 10. Nb5 Rc8 11. a4 a6 12. Na3 Na5 13. c3 c5 14. dxc5 Bxc5 15. Nd4 Bg6 16. Be3 Qb6 17. b4 Nxc3 18. bxc5 Nxd1 19. cxb6 Nxe3 20. fxe3 Rc3 21. Rfc1 Rxe3 22. Kf2 Re5 23. Rc7 Be4 24. Bf3 Rg5 25. h4 Rg6 26. Bxe4 dxe4 27. Rac1 e5 28. Nf5 Rxb6 29. Rc8 Rxc8 30. Rxc8+ Kh7 31. Ne3 Rb4 32. Nac4 Rxa4 33. Nxe5 f6 34. Nd7 Nc6 35. h5 b5 36. Nf5 Ne5 37. Nxe5 fxe5 38. Ne7 b4 39. Ng6 1-0

[Event "Titled Tuesday intern op 02nd Apr Early"]
[Site "Chess.com INT"]
[Date "2024.04.02"]
[Round "10"]
[White "Kacharava, Nikoloz"]
[Black "Gabrielian, Artur"]
[Result "1-0"]
[WhiteElo "2527"]
[BlackElo "2429"]
[PlyCount "61"]
[EventDate "2024.04.02"]
[EventType "swiss (blitz)"]
[EventRounds "11"]
[EventCountry "USA"]
[SourceTitle "CB15_2024"]
[SourceDate "2024.04.10"]
[SourceVersion "1"]
[SourceVersionDate "2024.04.10"]
[SourceQuality "1"]

1. e4 c5 2. Nf3 d6 3. Bb5+ Bd7 4. Bxd7+ Qxd7 5. c4 e5 6. Nc3 Nc6 7. 0-0 Be7 8. Nd5 Bd8 9. d3 Nge7 10. a3 0-0 11. Bd2 f5 12. b4 fxe4 13. dxe4 Nxd5 14. exd5 Nd4 15. Nxd4 cxd4 16. Qe2 Rc8 17. Rac1 Qf5 18. f3 b6 19. Qe4 Bg5 20. Qxf5 Rxf5 21. Bxg5 Rxg5 22. f4 exf4 23. Rxf4 Rxd5 24. Rcf1 g5 25. Rf7 Rxc4 26. Rf8+ Kg7 27. R8f7+ Kg6 28. R1f6+ Kh5 29. Rxh7+ Kg4 30. h3+ Kg3 31. Rf3# 1-0

[Event "Titled Tuesday intern op 13th Feb Early"]
[Site "Chess.com INT"]
[Date "2024.02.13"]
[Round "11"]
[White "Gabrielian, Artur"]
[Black "Garcia Blanco, Omar"]
[Result "0-1"]
[WhiteElo "2442"]
[BlackElo "2375"]
[PlyCount "58"]
[EventDate "2024.02.13"]
[EventType "swiss (blitz)"]
[EventRounds "11"]
[EventCountry "USA"]
[SourceTitle "CB08_2024"]
[SourceDate "2024.02.21"]
[SourceVersion "1"]
[SourceVersionDate "2024.02.21"]
[SourceQuality "1"]

1. e4 e5 2. Nf3 Nc6 3. Bc4 Nf6 4. d3 Be7 5. 0-0 0-0 6. Re1 d6 7. a4 Na5 8. Ba2 c5 9. Nbd2 Nc6 10. c3 h6 11. Nc4 Be6 12. Bd2 Re8 13. b4 cxb4 14. cxb4 d5 15. Ncxe5 Nxb4 16. Bb3 a5 17. h3 Bc5 18. Rc1 Qb6 19. Qe2 dxe4 20. Bxe6 Rxe6 21. dxe4 Rae8 22. Bc3 Nxe4 23. Qxe4 Bxf2+ 24. Kh2 Bxe1 25. Bxe1 f6 26. Nc4 Rxe4 27. Nxb6 Nd3 28. Rc7 Nxe1 29. Nh4 Rxh4 0-1

[Event "Titled Tuesday intern op 13th Feb Early"]
[Site "Chess.com INT"]
[Date "2024.02.13"]
[Round "4"]
[White "Gabrielian, Artur"]
[Black "Henriquez Villagra, Cristobal"]
[Result "0-1"]
[WhiteElo "2442"]
[BlackElo "2591"]
[PlyCount "78"]
[EventDate "2024.02.13"]
[EventType "swiss (blitz)"]
[EventRounds "11"]
[EventCountry "USA"]
[SourceTitle "CB08_2024"]
[SourceDate "2024.02.21"]
[SourceVersion "1"]
[SourceVersionDate "2024.02.21"]
[SourceQuality "1"]

1. e4 d6 2. d4 Nf6 3. Nc3 e5 4. Nf3 Nbd7 5. Bc4 Be7 6. 0-0 0-0 7. a4 c6 8. Re1 h6 9. h3 Re8 10. a5 exd4 11. Qxd4 Nc5 12. Bf4 Ne6 13. Bxe6 Bxe6 14. a6 b6 15. Rad1 d5 16. Qa4 b5 17. Qd4 dxe4 18. Nxe4 Qb6 19. Nxf6+ Bxf6 20. Be5 Bxe5 21. Qxb6 axb6 22. Nxe5 c5 23. Rd6 Rxa6 24. Nd3 Rea8 25. Nf4 Bf5 26. Nd5 Bxc2 27. Re7 Bb3 28. Nc7 Ra1+ 29. Kh2 R8a2 30. Rxb6 Rxb2 31. Rxb5 Raa2 32. Re3 c4 33. Nd5 Rxf2 34. Rg3 Bc2 35. Rb8+ Kh7 36. Re8 Bg6 37. Re7 Rae2 38. Rc7 Be4 39. Ne3 Rxe3 0-1

[Event "Titled Tuesday intern op 13th Feb Early"]
[Site "Chess.com INT"]
[Date "2024.02.13"]
[Round "7"]
[White "Gabrielian, Artur"]
[Black "Movahed, Sina"]
[Result "0-1"]
[WhiteElo "2442"]
[BlackElo "2463"]
[PlyCount "100"]
[EventDate "2024.02.13"]
[EventType "swiss (blitz)"]
[EventRounds "11"]
[EventCountry "USA"]
[SourceTitle "CB08_2024"]
[SourceDate "2024.02.21"]
[SourceVersion "1"]
[SourceVersionDate "2024.02.21"]
[SourceQuality "1"]

1. e4 c5 2. Nf3 d6 3. d4 cxd4 4. Nxd4 Nf6 5. Nc3 g6 6. Be3 a6 7. f3 h5 8. Qd2 Nbd7 9. Be2 Bg7 10. 0-0 0-0 11. a4 Ne5 12. Kh1 h4 13. Nd5 h3 14. g4 Bd7 15. c4 Bc6 16. Nxf6+ Bxf6 17. Kg1 Qc7 18. Rfc1 Rac8 19. a5 e6 20. b3 Rfd8 21. Bg5 Qe7 22. Bxf6 Qxf6 23. g5 Qg7 24. f4 Bxe4 25. Qe3 Nc6 26. Nxc6 Bxc6 27. Rd1 d5 28. Qe5 Qf8 29. Rd3 dxc4 30. Rxh3 Qg7 31. Bxc4 Qxe5 32. fxe5 Rd2 33. Rg3 Kg7 34. Rf1 Rh8 35. Rf2 Rxf2 36. Kxf2 Rxh2+ 37. Ke3 Ra2 38. b4 Ra4 39. Kd4 Rxb4 40. Kc5 Ra4 41. Rc3 Rxa5+ 42. Kd6 Ra1 43. Rc2 Rg1 44. Rf2 Rxg5 45. Ke7 Rf5 46. Re2 Bb5 47. Bxb5 axb5 48. Kd6 g5 49. Rb2 g4 50. Rxb5 g3 0-1

[Event "Titled Tuesday intern op 13th Feb Early"]
[Site "Chess.com INT"]
[Date "2024.02.13"]
[Round "5"]
[White "Silva Lucena, Cristian"]
[Black "Gabrielian, Artur"]
[Result "0-1"]
[WhiteElo "2340"]
[BlackElo "2442"]
[PlyCount "54"]
[EventDate "2024.02.13"]
[EventType "swiss (blitz)"]
[EventRounds "11"]
[EventCountry "USA"]
[SourceTitle "CB08_2024"]
[SourceDate "2024.02.21"]
[SourceVersion "1"]
[SourceVersionDate "2024.02.21"]
[SourceQuality "1"]

1. e4 c5 2. Nf3 d6 3. d4 cxd4 4. Nxd4 Nf6 5. Nc3 Nc6 6. Bc4 e6 7. Be3 a6 8. Qe2 Qc7 9. Bb3 Na5 10. 0-0-0 b5 11. g4 b4 12. g5 bxc3 13. gxf6 cxb2+ 14. Kxb2 gxf6 15. Rd3 Bd7 16. Rc3 Qb7 17. Qh5 Nxb3 18. cxb3 Qxe4 19. Rhc1 Be7 20. Rc7 Rd8 21. Rg1 Qe5 22. Qh6 d5 23. Qg7 Rf8 24. Qxh7 Qxc7 25. Rc1 Qe5 26. h4 f5 27. h5 Rh8 0-1

[Event "Titled Tuesday intern op 06th Feb Early"]
[Site "Chess.com INT"]
[Date "2024.02.06"]
[Round "11"]
[White "Gabrielian, Artur"]
[Black "Demchenko, Anton"]
[Result "1-0"]
[WhiteElo "2442"]
[BlackElo "2609"]
[PlyCount "121"]
[EventDate "2024.02.06"]
[EventType "swiss (blitz)"]
[EventRounds "11"]
[EventCountry "USA"]
[SourceTitle "CB07_2024"]
[SourceDate "2024.02.14"]
[SourceVersion "1"]
[SourceVersionDate "2024.02.14"]
[SourceQuality "1"]

1. e4 e5 2. Nf3 Nc6 3. Nc3 Nf6 4. Bb5 Nd4 5. 0-0 Nxb5 6. Nxb5 c6 7. Nc3 d6 8. d4 Qc7 9. Bg5 Be7 10. Qd3 0-0 11. Rad1 h6 12. Bxf6 Bxf6 13. d5 Be7 14. Nd2 Kh8 15. a4 f5 16. exf5 Bxf5 17. Nde4 Rad8 18. Qc4 Rd7 19. b4 Bh7 20. Qb3 Bg8 21. f3 Rc8 22. Rf2 Bf8 23. g3 Qb6 24. a5 Qc7 25. Kg2 b6 26. a6 b5 27. Rfd2 Qb6 28. Qa2 cxd5 29. Nxd5 Qc6 30. c3 Bxd5 31. Qxd5 Qxa6 32. Nc5 dxc5 33. Qxd7 cxb4 34. cxb4 Bxb4 35. Qxc8+ Qxc8 36. Rd8+ Qxd8 37. Rxd8+ Kh7 38. Rb8 Bc5 39. Rxb5 Bd4 40. Rd5 Kg6 41. f4 Kf5 42. Kf3 g5 43. fxe5 g4+ 44. Kg2 Bxe5 45. Ra5 h5 46. Rxa7 Bd4 47. Ra5+ Kg6 48. Kf1 Be3 49. Re5 Bd4 50. Re4 Ba7 51. Kg2 Bc5 52. Ra4 Be3 53. Ra6+ Kg5 54. h4+ gxh3+ 55. Kxh3 Bd4 56. Ra5+ Kg6 57. Rd5 Be3 58. Kg2 Ba7 59. Kf3 Bg1 60. Rd6+ Kg5 61. Rd1 1-0

[Event "Titled Tuesday intern op 06th Feb Early"]
[Site "Chess.com INT"]
[Date "2024.02.06"]
[Round "7"]
[White "Magem Badals, Jordi"]
[Black "Gabrielian, Artur"]
[Result "1-0"]
[WhiteElo "2501"]
[BlackElo "2442"]
[PlyCount "115"]
[EventDate "2024.02.06"]
[EventType "swiss (blitz)"]
[EventRounds "11"]
[EventCountry "USA"]
[SourceTitle "CB07_2024"]
[SourceDate "2024.02.14"]
[SourceVersion "1"]
[SourceVersionDate "2024.02.14"]
[SourceQuality "1"]

1. e4 e5 2. Nf3 Nc6 3. Bc4 Bc5 4. 0-0 Nf6 5. d4 Bxd4 6. Nxd4 Nxd4 7. Bg5 d6 8. f4 Be6 9. Na3 Qe7 10. c3 Bxc4 11. Nxc4 Ne6 12. Ne3 exf4 13. Nd5 Qd8 14. Bxf6 gxf6 15. Qa4+ c6 16. Nxf4 Qb6+ 17. Kh1 Nxf4 18. Rxf4 Qxb2 19. Raf1 Rg8 20. R4f2 Qxc3 21. Rxf6 Qb2 22. g3 Qb5 23. Qxb5 cxb5 24. Rxf7 0-0-0 25. Rc1+ Kb8 26. Rcc7 Rde8 27. Rxb7+ Kc8 28. Rxa7 Kb8 29. Rfb7+ Kc8 30. Rxh7 Kb8 31. Rhb7+ Kc8 32. Rxb5 Rd8 33. Kg2 Rge8 34. Ra8+ Kc7 35. Rxd8 Rxd8 36. h4 Ra8 37. Rb2 Ra4 38. Re2 Kd7 39. g4 Ke6 40. Kg3 Ke5 41. h5 Ra3+ 42. Kh4 Kf4 43. h6 Kf3 44. Rd2 Kxe4 45. g5 Kf5 46. Rd5+ Kg6 47. Rxd6+ Kh7 48. Rd7+ Kg8 49. Kh5 Ra5 50. Rd8+ Kh7 51. Rd7+ Kg8 52. Re7 Kh8 53. Kg6 Ra6+ 54. Kf5 Ra5+ 55. Kf6 Rxa2 56. Re8+ Kh7 57. g6+ Kxh6 58. Rh8# 1-0

[Event "Titled Tuesday intern op 06th Feb Early"]
[Site "Chess.com INT"]
[Date "2024.02.06"]
[Round "9"]
[White "Teterev, Vitaly"]
[Black "Gabrielian, Artur"]
[Result "0-1"]
[WhiteElo "2257"]
[BlackElo "2442"]
[PlyCount "104"]
[EventDate "2024.02.06"]
[EventType "swiss (blitz)"]
[EventRounds "11"]
[EventCountry "USA"]
[SourceTitle "CB07_2024"]
[SourceDate "2024.02.14"]
[SourceVersion "1"]
[SourceVersionDate "2024.02.14"]
[SourceQuality "1"]

1. e4 c5 2. Nf3 d6 3. Bb5+ Bd7 4. Bxd7+ Qxd7 5. 0-0 Nc6 6. c3 Nf6 7. d4 Nxe4 8. d5 Nd8 9. Re1 Nf6 10. Bg5 e6 11. Bxf6 gxf6 12. Nbd2 Be7 13. Qc2 e5 14. Nh4 Ne6 15. dxe6 fxe6 16. c4 f5 17. Nhf3 Rg8 18. Rad1 Qc6 19. Re3 e4 20. Ne1 0-0-0 21. a3 Bg5 22. Rh3 h6 23. b4 Kb8 24. Nf1 cxb4 25. axb4 d5 26. cxd5 exd5 27. Rc3 Qd6 28. Ne3 Qe5 29. Rc5 Bxe3 30. fxe3 b6 31. Rc6 d4 32. exd4 Rxd4 33. Rc1 Rdd8 34. Rc7 Qd4+ 35. Kh1 Qd6 36. Qa2 Qxc7 37. Rxc7 Kxc7 38. Qxa7+ Kc6 39. Qa4+ Kd5 40. h3 f4 41. Nc2 e3 42. Qb5+ Ke4 43. Qc4+ Ke5 44. Qc3+ Ke4 45. Qc6+ Ke5 46. Qc7+ Ke4 47. Qxb6 Kd3 48. Qc5 Ke2 49. Qc4+ Kf2 50. Nd4 f3 51. Qc1 e2 52. Nxf3 Rxg2 0-1

[Event "Chessable Masters Play In"]
[Site "Chess.com INT"]
[Date "2024.01.31"]
[Round "1"]
[White "Mishra, Abhimanyu"]
[Black "Gabrielian, Artur"]
[Result "1-0"]
[WhiteElo "2627"]
[BlackElo "2442"]
[PlyCount "125"]
[EventDate "2024.01.31"]
[EventType "swiss (rapid)"]
[EventRounds "9"]
[EventCountry "USA"]
[SourceTitle "CB06_2024"]
[SourceDate "2024.02.07"]
[SourceVersion "1"]
[SourceVersionDate "2024.02.07"]
[SourceQuality "1"]

1. e4 c5 2. Nf3 d6 3. d4 cxd4 4. Nxd4 Nf6 5. Nc3 Nc6 6. Bg5 Bd7 7. Qd2 Rc8 8. 0-0-0 Nxd4 9. Qxd4 Qa5 10. f4 h6 11. Bxf6 gxf6 12. Kb1 Qc5 13. Qd3 f5 14. exf5 Bxf5 15. Qg3 e6 16. Bd3 a6 17. Rhe1 Be7 18. Bxf5 Qxf5 19. Qf3 Rc6 20. g4 Qc5 21. f5 d5 22. f6 Bd6 23. Rxd5 Qb6 24. Qd3 Bb4 25. Na4 Qc7 26. Re4 Be7 27. fxe7 exd5 28. Re2 Qf4 29. a3 Qxa4 30. Qxd5 Rc8 31. Rd2 f6 32. Qe6 Qc6 33. Rd6 Qxc2+ 34. Ka2 Qc4+ 35. Qxc4 Rxc4 36. Rd8+ Kxe7 37. Rxh8 Rxg4 38. Rxh6 Ke6 39. Kb3 Rd4 40. h4 Ke5 41. Rh7 b5 42. h5 Rh4 43. h6 f5 44. Rh8 Kf4 45. h7 a5 46. Kc3 Rh3+ 47. Kd4 b4 48. axb4 axb4 49. Kc4 b3 50. Kb4 Rh5 51. Kxb3 Kf3 52. Kc4 f4 53. b4 Rh6 54. b5 Rh1 55. b6 Rc1+ 56. Kd5 Rd1+ 57. Kc6 Rc1+ 58. Kb7 Rh1 59. Ka7 Ra1+ 60. Kb8 Rh1 61. b7 Rh2 62. Kc7 Rc2+ 63. Kd6 1-0

[Event "Titled Tuesday intern op 16th Jan Early"]
[Site "Chess.com INT"]
[Date "2024.01.16"]
[Round "5"]
[White "Gabrielian, Artur"]
[Black "Smieszek, Wojciech"]
[Result "0-1"]
[WhiteElo "2442"]
[BlackElo "2118"]
[PlyCount "28"]
[EventDate "2024.01.16"]
[EventType "swiss (blitz)"]
[EventRounds "11"]
[EventCountry "USA"]
[SourceTitle "CB04_2024"]
[SourceDate "2023.10.16"]
[SourceVersion "1"]
[SourceVersionDate "2023.10.16"]
[SourceQuality "1"]

1. e4 c5 2. Nf3 g6 3. h4 h5 4. Bc4 d6 5. d4 cxd4 6. Qxd4 Nf6 7. e5 Nc6 8. Qc3 Ne4 9. Qe3 d5 10. 0-0 e6 11. Bb5 Qb6 12. c4 Qxe3 13. Bxe3 Bd7 14. cxd5 exd5 0-1

[Event "Titled Tuesday intern op 16th Jan Early"]
[Site "Chess.com INT"]
[Date "2024.01.16"]
[Round "7"]
[White "Nazari, Arad"]
[Black "Gabrielian, Artur"]
[Result "0-1"]
[WhiteElo "2375"]
[BlackElo "2442"]
[PlyCount "90"]
[EventDate "2024.01.16"]
[EventType "swiss (blitz)"]
[EventRounds "11"]
[EventCountry "USA"]
[SourceTitle "CB04_2024"]
[SourceDate "2023.10.16"]
[SourceVersion "1"]
[SourceVersionDate "2023.10.16"]
[SourceQuality "1"]

1. g4 e5 2. e4 Nc6 3. Nf3 Bc5 4. Nc3 d6 5. h3 Nge7 6. a3 a6 7. Bc4 Ng6 8. d3 Be6 9. Nd5 h5 10. Bg5 Qd7 11. Rg1 hxg4 12. hxg4 Nce7 13. Nxe7 Nxe7 14. Bxe6 Qxe6 15. Qe2 Ng6 16. Nd2 Rh3 17. Nb3 Bb6 18. 0-0-0 f6 19. Be3 Nf4 20. Bxf4 exf4 21. d4 0-0-0 22. f3 Rdh8 23. Kb1 Rg3 24. Rxg3 fxg3 25. Rg1 a5 26. a4 Rh2 27. Qd3 g2 28. Qe2 Qd7 29. Rxg2 Rh1+ 30. Nc1 Qxa4 31. c3 Qd1 32. Qxd1 Rxd1 33. Rh2 Rf1 34. Rh8+ Kd7 35. Rh7 Rxf3 36. Rxg7+ Kc6 37. Kc2 Rf2+ 38. Kb3 a4+ 39. Kc4 Ba5 40. Rf7 b5+ 41. Kd3 Rxb2 42. Rxf6 a3 43. d5+ Kb7 44. Rf1 Rb1 45. Kc2 a2 0-1

[Event "Titled Tuesday intern op 16th Jan Early"]
[Site "Chess.com INT"]
[Date "2024.01.16"]
[Round "9"]
[White "Rosen, Eric S"]
[Black "Gabrielian, Artur"]
[Result "1-0"]
[WhiteElo "2361"]
[BlackElo "2442"]
[PlyCount "87"]
[EventDate "2024.01.16"]
[EventType "swiss (blitz)"]
[EventRounds "11"]
[EventCountry "USA"]
[SourceTitle "CB04_2024"]
[SourceDate "2023.10.16"]
[SourceVersion "1"]
[SourceVersionDate "2023.10.16"]
[SourceQuality "1"]

1. d4 Nf6 2. Bf4 d5 3. e3 e6 4. Nf3 Bd6 5. Ne5 0-0 6. Nd2 c5 7. c3 Qc7 8. Bd3 Nbd7 9. Ndf3 b6 10. 0-0 Bb7 11. Rc1 c4 12. Bb1 b5 13. Re1 a5 14. Nxd7 Qxd7 15. Ne5 Qc7 16. Qf3 Ne4 17. Bxe4 dxe4 18. Qg3 f6 19. Ng6 Bxf4 20. Nxf4 Rfe8 21. h4 Rac8 22. h5 h6 23. Red1 Bd5 24. Qg4 Qf7 25. f3 exf3 26. gxf3 Bb7 27. Kf2 b4 28. Rg1 Rc7 29. Ng6 e5 30. dxe5 fxe5 31. Rcd1 Qf6 32. e4 Rf7 33. Rd2 Bc8 34. Qg3 Bb7 35. Qg4 a4 36. a3 bxc3 37. bxc3 Qb6+ 38. Ke2 Bc8 39. Qg3 Qf6 40. Rgd1 Kh7 41. Rd6 Re6 42. Rd8 Re8 43. Rxe8 Qb6 44. Rh8# 1-0